Score 0/26 Timer 06:00
1 Play Today
Phrase (R)eferee or (J)udge % Correct
Unsportsmanlike conduct???
95.1%
... has chosen to kick???
94.7%
... challenging the call on the field???
94.5%
Objection ... is sustained???
94.3%
... take a timeout???
94.2%
Offensive pass interference???
94.2%
Ruling on the field???
93.9%
Five-yard penalty???
93.7%
... is held in contempt???
93.6%
... has chosen not to testify???
93.3%
... take a recess???
92.3%
Five-year sentence???
92.1%
... decline to prosecute???
92%
Phrase (R)eferee or (J)udge % Correct
Ruling in writing???
92%
... decline the penalty???
91.9%
Illegal search???
91.6%
... will defend you pro bono???
91.2%
Illegal shift???
91%
... is ejected???
90.5%
Ruling ... is confirmed???
90.4%
... will defend the north goal???
90%
Entrapment???
89.2%
Encroachment???
85.2%
Peremptory challenge???
77.9%
Offensive line of questioning???
77.6%
Disorderly conduct???
71.6%
Remove Ads.
Support Sporcle.
Get the best of Sporcle when you Go Orange. This ad-free experience offers more features, more stats, and more fun while also helping to support Sporcle. Thank you for becoming a member.

You're not logged in!

Compare scores with friends on all Sporcle quizzes.
OR
Log In

Show Comments

Extras

Top Quizzes Today


Score Distribution

Your Account Isn't Verified!

In order to create a playlist on Sporcle, you need to verify the email address you used during registration. Go to your Sporcle Settings to finish the process.

Report this User

Report this user for behavior that violates our Community Guidelines.

Details: